Gyakorlócég praktikum a kereskedelmi akadémia számára

Salvato in:
Dettagli Bibliografici
Autore principale: Horáčková, Alena
Altri autori: Horecká, Gabriela, Velichová, Ľudmila, Zámečníková, Zuzana, Ďuricová, Oľga, Országh, Peter
Natura: Libro
Lingua:ungherese
Pubblicazione: Bratislava Slovenské pedagogické nakladateľstvo - Mladé letá 2019
Edizione:2. aktualizované a prepracované vydanie (második, aktualizált és átdolgozott kiadás)
Soggetti:
Tags: Aggiungi Tag
Nessun Tag, puoi essere il primo ad aggiungerne!!

MARC

LEADER 00000nam a2200000 4500
001 0261223
005 20240502074139.9
020 |a 978-80-10-03426-0 
041 0 |a hun 
044 |a SK 
245 1 0 |a Gyakorlócég  |b praktikum a kereskedelmi akadémia számára  |c Alena Horáčková, Gabriela Horecká, Ľudmila Velichová, Zuzana Zámečníková ; Lektorállták - lektorovali: Oľga Ďuricová, Peter Országh 
250 |a 2. aktualizované a prepracované vydanie (második, aktualizált és átdolgozott kiadás) 
264 1 |a Bratislava  |b Slovenské pedagogické nakladateľstvo - Mladé letá  |c 2019 
300 |a [152 s.] [7,6 AH] 
610 2 0 |a firmy cvičné 
610 2 0 |a školy stredné odborné 
610 2 0 |a firmy 
610 2 0 |a vyučovanie 
610 2 0 |a obstarávanie 
610 2 0 |a predaj 
610 2 0 |a dane 
100 1 |a Horáčková, Alena 
700 1 |a Horecká, Gabriela 
700 1 |a Velichová, Ľudmila 
700 1 |a Zámečníková, Zuzana 
700 1 |a Ďuricová, Oľga 
700 1 |a Országh, Peter